Slovotvorná štruktúra kompozít v nemeckej ekonomickej terminológii

Nemčina má silnú tendenciu k vytváraniu kompozít. Kompozitá vznikajú spojením dvoch a viacerých lexikálnych jednotiek. Substantívne, adjektívne, slovesné kompozitá.

Gespeichert in:
Bibliographische Detailangaben
1. Verfasser: Kokošková, Silvia
Weitere Verfasser: Tóthová, Lucia, 1960-
Format: Buchkapitel
Sprache:Slowakisch
Schlagworte:
Tags: Tag hinzufügen
Keine Tags, Fügen Sie das erste Tag hinzu!

MARC

LEADER 00000nla$a2200000$$$4500
001 0143469
005 20240502072555.7
041 0 |a slo 
044 |a SK 
245 1 0 |a Slovotvorná štruktúra kompozít v nemeckej ekonomickej terminológii  |c Silvia Kokošková, Lucia Tóthová 
520 |a Nemčina má silnú tendenciu k vytváraniu kompozít. Kompozitá vznikajú spojením dvoch a viacerých lexikálnych jednotiek. Substantívne, adjektívne, slovesné kompozitá. 
610 2 0 |a jazyk odborný 
610 2 0 |a nemčina 
610 2 0 |a terminológia 
610 2 0 |a zásoba slovná 
610 2 0 |a jazykoveda 
100 1 |a Kokošková, Silvia 
700 1 |a Tóthová, Lucia, 1960-